00603nam a22001457a 4500040000900000082001200009100002400021110004000045245016200085260004400247650003100291942001300322999001900335952010300354 cNUST a200 THE aAhmad Hassan991813 aSupervisor Dr. Muhammad Usman Akram aTH-SOF-1989-Analysis of Multimodal Representation Learning Across Medical Images and Reports Generation Using Multiple Vision and Language Pre-Trained Models aISLAMABAD:bNUST COLLEGE OF EME,c2022. aMS-COMPUTER ENGINEERING-19 2ddccTHE c589945d589945 00102ddc4070aCEMEbCEMEcTHEd2022-05-24l0o200 THEpTH-SOF-1989r2022-05-24w2022-05-24yREF